War speeches (Record no. 438819)

000 -LEADER
fixed length control field 00358cam a22001337a 4500
008 - FIXED-LENGTH DATA ELEMENTS--GENERAL INFORMATION
fixed length control field 180718b1918 xxu||||| |||| 00| 0 eng d
082 ## - DEWEY DECIMAL CLASSIFICATION NUMBER
Classification number A99 Od9
100 ## - MAIN ENTRY--PERSONAL NAME
Personal name O'Dwyer, Michael
245 ## - TITLE STATEMENT
Title War speeches
Statement of responsibility, etc. by Michael O'Dwyer
260 ## - PUBLICATION, DISTRIBUTION, ETC.
Place of publication, distribution, etc. Lahore
Name of publisher, distributor, etc.
Date of publication, distribution, etc. 1918
300 ## - PHYSICAL DESCRIPTION
Extent 143p.
650 ## - SUBJECT ADDED ENTRY--TOPICAL TERM
Topical term or geographic name entry element World War, 1939-1945 --Great Britain
650 ## - SUBJECT ADDED ENTRY--TOPICAL TERM
Topical term or geographic name entry element World War, 1939-1945
Holdings
Withdrawn status Lost status Damaged status Not for loan Permanent Location Current Location Date acquired Full call number Barcode Date last seen Price effective from Koha item type
        Indian Institute of Public Administration Indian Institute of Public Administration 2010-04-16 A99 Od9 7021 2018-07-21 2018-07-21 Book

Powered by Koha